| 000 | 00534nam a22001817a 4500 | ||
|---|---|---|---|
| 003 | OSt | ||
| 005 | 20130621095249.0 | ||
| 008 | 130621n sp ||||| |||| 00| 0bcat d | ||
| 040 | _cCDMR | ||
| 100 | 1 |
_93861 _aFont, Melcior |
|
| 245 | 1 | 3 |
_aLa nostra gent _b: Josep MÂȘ de Sagarra _cper Melcior Font |
| 260 |
_aBarcelona _bLlibreria Catalonia _c[s.d.] |
||
| 300 |
_a58 p. _bil. b/n |
||
| 490 | 0 | _aQuaderns Blaus | |
| 600 | 1 |
_92908 _aSagarra, Josep Maria de _vBiografia |
|
| 650 | 0 | 4 |
_93139 _aPeriodistes catalans _vBiografia |
| 942 |
_2udc _cMON |
||
| 999 |
_c6511 _d6511 |
||